Emile Durkheim, 1858-1917: a collection of essays, with translations and a bibliography

Saved in:
Bibliographic Details
Main Authors: Wolff, Kurt H (Author), Blend, Charles (Author), Bohannan, Paul (Author), Coser, Lewis A (Author), Duncan, Hugh D (Author), Folkman, Jerome D (Author), Hinkle, Roscoe C (Author), Honigsheim, Paul (Author), Kurauchi, Kazuta (Author), Neyer, Joseph (Author), Parsons, Talcott (Author), Peyre, Henri (Author), Pierce, Albert (Author), Richter, Melvin (Author), Salomon, Albert (Author)
Format: Book
Language:English
Published: Columbus The Ohio State University 1960
Subjects:
Tags: Add Tag
No Tags, Be the first to tag this record!

MARC

LEADER 00000nam a2200000 a 4500
001 UCZ5432
003 CL-VaPUC
005 20230317151334.0
008 951117e19600000US |||||||||||||||||eng|d
999 |c 241750  |d 241748 
040 |c Pontificia Universidad Católica de Valparaíso 
082 0 4 |a 301  |b WOL  |2 21 
100 0 |a Wolff, Kurt H  |e author  |9 349433 
245 1 0 |a Emile Durkheim, 1858-1917: a collection of essays, with translations and a bibliography 
260 |a Columbus  |b The Ohio State University  |c 1960 
300 |a 463 p 
583 |a last modification  |c 20130411 10:14:32  |k Rodrigo Vera 
600 |a Durkheim, Emile   |d 1858-1917  |9 880795 
650 0 |a Sociología   |9 255410 
650 7 |a SOCIOLOGIA FRANCESA  |2 CL-VaPUC  |9 349448 
650 0 |a Cambio social   |9 256857 
650 0 |a Filosofía francesa   |9 255698 
650 7 |a FILOSOFIA POLITICA  |2 CL-VaPUC  |9 349449 
700 0 |a Blend, Charles  |e author  |9 349434 
700 0 |a Bohannan, Paul  |e author  |9 349435 
700 0 |a Coser, Lewis A  |e author  |9 349436 
700 0 |a Duncan, Hugh D  |e author  |9 349437 
700 0 |a Folkman, Jerome D  |e author  |9 349438 
700 |a Hinkle, Roscoe C  |e author  |9 376144 
700 0 |a Honigsheim, Paul  |e author  |9 349440 
700 0 |a Kurauchi, Kazuta  |e author  |9 349441 
700 0 |a Neyer, Joseph  |e author  |9 349442 
700 |a Parsons, Talcott  |e author  |9 349443 
700 0 |a Peyre, Henri  |e author  |9 349444 
700 0 |a Pierce, Albert  |e author  |9 349445 
700 0 |a Richter, Melvin  |e author  |9 349446 
700 0 |a Salomon, Albert  |e author  |9 349447 
942 |c BK  |2 ddc 
945 |d 19951117 00:00:00  |a lriquelm 
952 |0 0  |1 0  |4 0  |6 301_000000000000000_WOL_1960  |7 0  |8 P  |9 254201  |a BIBEDU  |b BIBEDU  |c BIBEDU_PB  |d 2019-11-19  |i 1575724  |o 301 WOL 1960  |p 1575724  |r 2024-01-25  |w 2019-11-19  |y BK  |k FIL 
952 |0 0  |1 0  |4 0  |6 301_000000000000000_WOL_1960  |7 0  |8 P  |9 254202  |a BIBENE  |b BIBENE  |d 2019-11-19  |i 1983415  |o 301 WOL 1960  |p 1983415  |r 2025-01-15  |w 2019-11-19  |y BK  |k ICO